| 000 | 00994nam a2200301Ia 4500 | ||
|---|---|---|---|
| 001 | Para_743 | ||
| 003 | CHAP | ||
| 008 | 220125s1989 xx 000 0 und d | ||
| 010 | _a199468 | ||
| 040 | _cCHAP | ||
| 090 | _aPA TESIS 714 | ||
| 100 |
_aJimenez Fonseca, Eloy _961505 |
||
| 245 |
_aEtiologia de las enfermedades fungosas aereas del manzano Malus communis L. en Huayacocotla, Ver. / _c por Eloy Jimenez Fonseca |
||
| 260 |
_aChapingo, Méx. : _b El autor |
||
| 300 | _a103 h. | ||
| 502 | _aTesis (Ing. Agr. Esp. Parasi | ||
| 650 |
_aManzana _x enfermedades por hongos _970765 |
||
| 650 |
_aManzana _x rendimiento _970802 |
||
| 650 |
_aManzana _x Veracruz _970813 |
||
| 710 |
_aUACh. Departamento Parasitología Agrícola _9164025 |
||
| 901 | _aPA TESIS 714 | ||
| 902 | _aA | ||
| 905 | _a0000001989 a 0000000000 00 | ||
| 910 | _a1989 | ||
| 942 | _cPARA | ||
| 942 |
_cPARA _d1 |
||
| 999 |
_c199468 _d199468 |
||